[Event "Railway 5 Countries 32nd"]
[Site "Berlin"]
[Date "2022.09.16"]
[Round "2.3"]
[White "Reist, Daniel"]
[Black "Ilgner, Andreas"]
[Result "0-1"]
[WhiteElo "1983"]
[BlackElo "2121"]
[PlyCount "104"]
[EventDate "2022.09.15"]
[EventType "team-tourn"]
[EventRounds "5"]
[EventCountry "GER"]
[SourceTitle "CBM 210 Extra"]
[Source "ChessBase"]
[SourceDate "2022.11.30"]
[SourceVersion "1"]
[SourceVersionDate "2022.11.30"]
[SourceQuality "1"]
[WhiteTeam "Switzerland"]
[BlackTeam "Germany"]
[WhiteTeamCountry "SUI"]
[BlackTeamCountry "GER"]

1. c4 e6 2. g3 d5 3. Bg2 Nf6 4. Nf3 d4 5. d3 c5 6. 0-0 Nc6 7. a3 a5 8. Bf4 Bd6 9. Bxd6 Qxd6 10. Nbd2 h6 11. h3 0-0 12. Nh2 e5 13. Qc2 Bf5 14. g4 Bh7 15. Rfe1 Rab8 16. Nhf1 Nd8 17. Ng3 Ne6 18. Qa4 Qc7 19. b4 axb4 20. axb4 Nf4 21. Bf1 g5 22. Reb1 h5 23. gxh5 Qc8 24. f3 Nxh3+ 25. Kh2 Nf4 26. bxc5 N6xh5 27. Qb4 Nxg3 28. Kxg3 Qf5 29. Ne4 Nh5+ 30. Kg2 Qf4 31. Qe1 Bxe4 32. dxe4 Kg7 33. Kg1 Ng3 34. Kg2 Nh5 35. Ra7 Qf6 36. Raxb7 Nf4+ 37. Kg1 Rxb7 38. Rxb7 Qh6 39. Rb6 Qh5 40. Qg3 Rh8 41. Kf2 Ra8 42. Rb2 Ra1 43. Bg2 Rc1 44. Rd2 Rxc4 45. e3 dxe3+ 46. Kxe3 Rc3+ 47. Kf2 Rxc5 48. Bf1 Qh6 49. Rb2 Rc1 50. Be2 Rh1 51. Ke3 Qf6 52. Bc4 Qe7 0-1

[Event "Rail 6 countries 24th"]
[Site "Bad Salzuflen"]
[Date "2013.06.29"]
[Round "3.2"]
[White "Ilgner, Andreas"]
[Black "Bolt, Graham"]
[Result "1/2-1/2"]
[WhiteElo "2158"]
[BlackElo "2027"]
[PlyCount "92"]
[EventDate "2013.06.28"]
[EventType "team-tourn"]
[EventRounds "5"]
[EventCountry "GER"]
[SourceTitle "EXT 2014"]
[Source "ChessBase"]
[SourceDate "2013.11.20"]
[SourceVersion "1"]
[SourceVersionDate "2013.11.20"]
[SourceQuality "1"]
[WhiteTeam "Germany"]
[BlackTeam "England"]
[WhiteTeamCountry "GER"]
[BlackTeamCountry "ENG"]

1. d4 g6 2. e4 Bg7 3. Nc3 d6 4. Be3 a6 5. Qd2 Nd7 6. g4 b5 7. g5 Bb7 8. f3 h5 9. h4 e6 10. Nge2 Ne7 11. Ng3 b4 12. Nce2 a5 13. Bh3 c5 14. 0-0 Qc7 15. Kg2 Nb6 16. b3 0-0 17. Rf2 cxd4 18. Bxd4 e5 19. Bb2 d5 20. c3 Rfd8 21. Qe1 bxc3 22. Bxc3 Nc6 23. Rc1 Qe7 24. Kh2 d4 25. Bd2 Nb4 26. Bxb4 axb4 27. Qd2 Bc8 28. Bxc8 Rdxc8 29. Rxc8+ Nxc8 30. Nc1 Na7 31. Nd3 Bf8 32. f4 exf4 33. Qxf4 Nb5 34. Nxb4 Qc7 35. Qxc7 Nxc7 36. Nd3 Ne6 37. e5 Nc5 38. Nxc5 Bxc5 39. Ne4 Bb4 40. Nf6+ Kg7 41. Kh3 Rd8 42. Ne4 d3 43. Nd6 Rd7 44. Rf1 Re7 45. Nc4 Rd7 46. Nd6 Re7 1/2-1/2

[Event "Rail 6 countries 24th"]
[Site "Bad Salzuflen"]
[Date "2013.06.28"]
[Round "1.2"]
[White "Ilgner, Andreas"]
[Black "Jarius, Hans Juergen"]
[Result "1-0"]
[WhiteElo "2158"]
[BlackElo "2040"]
[PlyCount "51"]
[EventDate "2013.06.28"]
[EventType "team-tourn"]
[EventRounds "5"]
[EventCountry "GER"]
[SourceTitle "EXT 2014"]
[Source "ChessBase"]
[SourceDate "2013.11.20"]
[SourceVersion "1"]
[SourceVersionDate "2013.11.20"]
[SourceQuality "1"]
[WhiteTeam "Germany"]
[BlackTeam "Austria"]
[WhiteTeamCountry "GER"]
[BlackTeamCountry "AUT"]

1. d4 d5 2. c4 c6 3. Nc3 Nf6 4. e3 e6 5. Nf3 Be7 6. Bd3 0-0 7. 0-0 Nbd7 8. e4 dxe4 9. Nxe4 Nxe4 10. Bxe4 Nf6 11. Bc2 b6 12. Qe2 Bb7 13. Rd1 Qc7 14. b3 Rfe8 15. Ne5 Rad8 16. Bb2 Bd6 17. Rd3 c5 18. Rh3 cxd4 19. Bxd4 g6 20. Bc3 Rf8 21. Qe3 Ne8 22. Ng4 Bf4 23. Rxh7 f6 24. Rxc7 Bxe3 25. Rxb7 Bc5 26. Nh6+ 1-0

[Event "Trans Europa Schach Express"]
[Site "Potsdam"]
[Date "2012.10.14"]
[Round "7.8"]
[White "Kribben, Matthias"]
[Black "Ilgner, Andreas"]
[Result "0-1"]
[WhiteElo "2128"]
[BlackElo "2156"]
[PlyCount "92"]
[EventDate "2012.10.13"]
[EventType "team-tourn"]
[EventRounds "9"]
[EventCountry "GER"]
[SourceTitle "CBM 150 Extra"]
[Source "ChessBase"]
[SourceDate "2012.10.19"]
[SourceVersion "1"]
[SourceVersionDate "2012.10.19"]
[SourceQuality "1"]
[WhiteTeam "Lasker Gesellschaft"]
[BlackTeam "Germany"]
[WhiteTeamCountry "GER"]
[BlackTeamCountry "GER"]

1. e4 e6 2. d4 d5 3. exd5 exd5 4. Bd3 c5 5. dxc5 Bxc5 6. Nf3 Nf6 7. 0-0 0-0 8. h3 Nc6 9. Bg5 Qd6 10. Nc3 Bxh3 11. gxh3 Qg3+ 12. Kh1 Bxf2 13. Rxf2 Qxf2 14. Bxf6 gxf6 15. Qg1+ Qxg1+ 16. Rxg1+ Kh8 17. Nxd5 Ne5 18. Nxe5 fxe5 19. Nf6 Rad8 20. Rg5 Rd6 21. Ne4 Rh6 22. Kh2 f5 23. Ng3 e4 24. Bc4 Rhf6 25. Bd5 b6 26. c4 h6 27. Rh5 e3 28. Kg2 f4 29. Nf1 e2 30. Kf2 exf1Q+ 31. Kxf1 Kg7 32. Re5 a5 33. a3 Rd8 34. b4 axb4 35. axb4 Kg6 36. Kf2 Rfd6 37. Kf3 Rf6 38. c5 bxc5 39. bxc5 Rc8 40. c6 Rc7 41. Re4 Rd6 42. Rd4 Kg5 43. h4+ Kxh4 44. Rxf4+ Kg5 45. Rd4 h5 46. Rd3 Rcxc6 0-1

[Event "Rail 5 countries 23rd"]
[Site "Zakopane"]
[Date "2007.09.30"]
[Round "4.3"]
[White "Helaszek, Edward"]
[Black "Ilgner, Andreas"]
[Result "0-1"]
[WhiteElo "2130"]
[BlackElo "2167"]
[PlyCount "78"]
[EventDate "2007.09.28"]
[EventType "team-tourn"]
[EventRounds "5"]
[EventCountry "POL"]
[SourceTitle "EXT 2010"]
[Source "ChessBase"]
[SourceDate "2010.11.25"]
[SourceVersion "1"]
[SourceVersionDate "2010.11.25"]
[SourceQuality "1"]
[WhiteTeam "Poland"]
[BlackTeam "Germany"]
[WhiteTeamCountry "POL"]
[BlackTeamCountry "GER"]

1. e4 e6 2. d4 d5 3. Nd2 Nf6 4. e5 Nfd7 5. Bd3 c5 6. c3 Nc6 7. Ngf3 g6 8. dxc5 Ncxe5 9. Nxe5 Nxe5 10. Nb3 Nxd3+ 11. Qxd3 Bg7 12. 0-0 0-0 13. Be3 e5 14. Rad1 Be6 15. f4 f6 16. Nc1 a5 17. h3 Qc7 18. Ne2 Rfd8 19. b3 Bf7 20. Qd2 Bf8 21. fxe5 fxe5 22. b4 axb4 23. cxb4 Bg7 24. Bg5 Rd7 25. Nc3 Be6 26. a4 b6 27. Nb5 Qc6 28. Qc2 d4 29. Bf6 Bd5 30. Bxg7 Kxg7 31. Rd2 Be4 32. Qb3 bxc5 33. Qg3 Re8 34. bxc5 Qxc5 35. Re1 Bc6 36. Qb3 Bxb5 37. axb5 d3+ 38. Kh1 Qd5 39. Qb2 Qd4 0-1

[Event "Rail 4 countries 22nd"]
[Site "Arosa"]
[Date "2006.06.26"]
[Round "3.4"]
[White "Lusti, Reto"]
[Black "Ilgner, Andreas"]
[Result "0-1"]
[WhiteElo "1765"]
[BlackElo "2177"]
[PlyCount "75"]
[EventDate "2006.06.23"]
[EventType "team-tourn"]
[EventRounds "3"]
[EventCountry "SUI"]
[SourceTitle "CBM 113 Extra"]
[Source "ChessBase"]
[SourceDate "2006.09.14"]
[SourceVersion "1"]
[SourceVersionDate "2006.09.14"]
[SourceQuality "1"]

1. e4 e6 2. d4 d5 3. Nc3 Nf6 4. Bg5 Be7 5. Bxf6 Bxf6 6. Nf3 c5 7. e5 Be7 8. Bd3 Nc6 9. Qd2 cxd4 10. Ne2 Bb4 11. c3 dxc3 12. bxc3 Be7 13. Qf4 f5 14. h4 Qc7 15. Rc1 Bd7 16. Ned4 Nxd4 17. Nxd4 Ba3 18. Rc2 Qb6 19. 0-0 Bc5 20. Rd2 0-0 21. Rb1 Qc7 22. Rdb2 Rab8 23. Bb5 a6 24. Bxd7 Qxd7 25. g3 Rfc8 26. Ne2 Ba7 27. Kf1 Rc4 28. Qd2 b5 29. Rb4 Rbc8 30. Qb2 R8c7 31. Qd2 Bb6 32. R4b2 Qc8 33. Qd3 Ba5 34. Nf4 Rxc3 35. Qe2 Rc2 36. Qd3 Rxb2 37. Rxb2 Bc3 38. Rb3 0-1

[Event "Oberliga Nord N 0405"]
[Site "Germany"]
[Date "2005.01.16"]
[Round "5.5"]
[White "Ilgner, Andreas"]
[Black "Fransson, Jens"]
[Result "1/2-1/2"]
[WhiteElo "2146"]
[BlackElo "2223"]
[PlyCount "94"]
[EventDate "2004.10.24"]
[EventType "team-tourn"]
[EventRounds "9"]
[EventCountry "GER"]
[SourceTitle "EXT 2006"]
[Source "ChessBase"]
[SourceDate "2005.11.24"]
[SourceVersion "1"]
[SourceVersionDate "2005.11.24"]
[SourceQuality "1"]
[WhiteTeam "Luebeck II"]
[BlackTeam "Hamburg SV 1934"]
[WhiteTeamCountry "GER"]
[BlackTeamCountry "GER"]

1. d4 f5 2. Nc3 d5 3. Bg5 h6 4. Bf4 Nf6 5. e3 c6 6. Be2 g6 7. Nf3 Be6 8. Ne5 Bf7 9. g4 e6 10. Rg1 Rg8 11. a3 Nbd7 12. f3 Nxe5 13. Bxe5 Nd7 14. Bg3 Bg7 15. gxf5 exf5 16. Qd2 Nb6 17. 0-0-0 Qd7 18. e4 Be6 19. Rge1 Kf7 20. h4 Rad8 21. e5 Bf8 22. Bf4 h5 23. Bg5 Rc8 24. Rg1 c5 25. Nb5 a6 26. Nd6+ Bxd6 27. exd6 Qxd6 28. dxc5 Rxc5 29. Be3 Rc6 30. Bd4 f4 31. Rg5 Bf5 32. c3 Nc4 33. Bxc4 dxc4 34. Re1 Re8 35. Rxe8 Kxe8 36. Rg1 Rc7 37. Re1+ Re7 38. Rxe7+ Kxe7 39. Qf2 Kf7 40. Qe1 Bd3 41. Qe5 Qxe5 42. Bxe5 Be2 43. Bxf4 Bxf3 44. Kd2 Ke6 45. Ke3 Bg2 46. Bg5 Kd5 47. Be7 Ke5 1/2-1/2

[Event "Rail 4 countries 19th"]
[Site "Eindhoven"]
[Date "2002.06.09"]
[Round "3.6"]
[White "Ilgner, Andreas"]
[Black "Ruzicka, Zdenek"]
[Result "1-0"]
[WhiteElo "2143"]
[BlackElo "2153"]
[PlyCount "68"]
[EventDate "2002.06.07"]
[EventType "team-tourn"]
[EventRounds "3"]
[EventCountry "NED"]
[SourceTitle "EXT 2004"]
[Source "ChessBase"]
[SourceDate "2003.11.25"]
[SourceVersion "1"]
[SourceVersionDate "2003.11.25"]
[SourceQuality "1"]

1. d4 Nf6 2. c4 e6 3. Nc3 Bb4 4. Qc2 c5 5. dxc5 Bxc5 6. Bf4 Nc6 7. e3 Nh5 8. Bg3 0-0 9. Be2 Nxg3 10. hxg3 h6 11. 0-0-0 Be7 12. g4 d5 13. Nf3 Nb4 14. Qb3 dxc4 15. Qxc4 Qb6 16. g5 e5 17. a3 Be6 18. Qb5 Qxb5 19. Bxb5 Na2+ 20. Nxa2 Bxa2 21. Bd7 hxg5 22. Nxe5 Rfd8 23. Rd2 a5 24. Kd1 a4 25. Ke2 Ra5 26. f4 gxf4 27. exf4 Bf6 28. Kf2 Bb3 29. Rd3 Bxe5 30. fxe5 Rxe5 31. Rdh3 f6 32. Rh8+ Kf7 33. Rxd8 Ke7 34. Rhh8 Bf7 1-0

[Event "Rail 4 countries 19th"]
[Site "Eindhoven"]
[Date "2002.06.08"]
[Round "2.6"]
[White "Van Gils, Nico"]
[Black "Ilgner, Andreas"]
[Result "0-1"]
[WhiteElo "1790"]
[BlackElo "2143"]
[PlyCount "80"]
[EventDate "2002.06.07"]
[EventType "team-tourn"]
[EventRounds "3"]
[EventCountry "NED"]
[SourceTitle "EXT 2004"]
[Source "ChessBase"]
[SourceDate "2003.11.25"]
[SourceVersion "1"]
[SourceVersionDate "2003.11.25"]
[SourceQuality "1"]

1. d4 d5 2. c4 e6 3. e3 Nf6 4. Nc3 c5 5. Nf3 Nc6 6. cxd5 exd5 7. Be2 a6 8. 0-0 Bd6 9. dxc5 Bxc5 10. a3 0-0 11. Qc2 Qe7 12. Rd1 Rd8 13. Nd4 Ba7 14. Bf3 Ne5 15. Be2 g6 16. b3 Bb8 17. f3 Qc7 18. g3 Re8 19. Na4 Qxc2 20. Nxc2 Ba7 21. Nd4 Bd7 22. Nc3 Rac8 23. Bd2 Nc6 24. Nc2 Bf5 25. Rac1 Bxc2 26. Rxc2 d4 27. Nb1 Rcd8 28. Bc1 dxe3 29. Rxd8 Rxd8 30. Kf1 Rd7 31. Rc3 Bd4 32. Rc2 Ne5 33. Bb2 Bxb2 34. Rxb2 Rc7 35. Bd1 Nd5 36. Rc2 Rxc2 37. Bxc2 Nxf3 38. Be4 Nd2+ 39. Nxd2 exd2 40. Bc2 Nc3 0-1

[Event "Rail 4 countries 18th"]
[Site "Hergiswil"]
[Date "2001.06.08"]
[Round "1.4"]
[White "Ilgner, Andreas"]
[Black "Suijdendorp, Frans"]
[Result "1-0"]
[WhiteElo "2131"]
[BlackElo "1905"]
[PlyCount "63"]
[EventDate "2001.06.08"]
[EventType "team-tourn"]
[EventRounds "3"]
[EventCountry "SUI"]
[SourceTitle "EXT 2004"]
[Source "ChessBase"]
[SourceDate "2003.11.25"]
[SourceVersion "1"]
[SourceVersionDate "2003.11.25"]
[SourceQuality "1"]

1. d4 d5 2. c4 e6 3. Nc3 Nf6 4. Nf3 Nbd7 5. e3 c6 6. Bd3 Be7 7. 0-0 0-0 8. e4 dxe4 9. Nxe4 Nxe4 10. Bxe4 Nf6 11. Bd3 b6 12. Qe2 Bb7 13. Bg5 Rc8 14. Rad1 Qc7 15. Rfe1 Rce8 16. Bc2 Kh8 17. Ne5 Bd8 18. Qd3 g6 19. Qh3 Nh5 20. Bh6 Rg8 21. g4 c5 22. dxc5 Re7 23. c6 Bxc6 24. Nxc6 Qxc6 25. Qc3+ e5 26. Be4 Qe6 27. h3 Nf6 28. Bg2 Bc7 29. Bg5 Kg7 30. Bd5 Qc8 31. Qf3 Nxd5 32. cxd5 1-0

[Event "Schleswig Holstein-ch M 56th"]
[Site "Eckernfoerde"]
[Date "2001.??.??"]
[Round "1"]
[White "Ilgner, Andreas"]
[Black "Schiebuhr, Stephan"]
[Result "1/2-1/2"]
[WhiteElo "2131"]
[BlackElo "2245"]
[PlyCount "25"]
[EventDate "2001.04.??"]
[EventType "swiss"]
[EventRounds "9"]
[EventCountry "GER"]
[SourceTitle "EXT 2004"]
[Source "ChessBase"]
[SourceDate "2003.11.25"]
[SourceVersion "1"]
[SourceVersionDate "2003.11.25"]
[SourceQuality "1"]

1. d4 d6 2. e4 Nf6 3. f3 g6 4. Be3 Bg7 5. c4 0-0 6. Nc3 e5 7. Nge2 Nc6 8. Qd2 exd4 9. Nxd4 Be6 10. Be2 Ne5 11. Nxe6 fxe6 12. 0-0 Qe7 13. h3 1/2-1/2

[Event "Schleswig Holstein-ch M 56th"]
[Site "Eckernfoerde"]
[Date "2001.??.??"]
[Round "4"]
[White "Seeck, Klaus"]
[Black "Ilgner, Andreas"]
[Result "0-1"]
[WhiteElo "2221"]
[BlackElo "2131"]
[PlyCount "50"]
[EventDate "2001.04.??"]
[EventType "swiss"]
[EventRounds "9"]
[EventCountry "GER"]
[SourceTitle "EXT 2004"]
[Source "ChessBase"]
[SourceDate "2003.11.25"]
[SourceVersion "1"]
[SourceVersionDate "2003.11.25"]
[SourceQuality "1"]

1. e4 e6 2. d4 d5 3. Nc3 Nf6 4. e5 Nfd7 5. Nce2 c5 6. c3 Nc6 7. f4 Qb6 8. Nf3 f6 9. g3 Be7 10. Bh3 0-0 11. Bxe6+ Kh8 12. Bxd5 cxd4 13. Bxc6 bxc6 14. e6 Nc5 15. cxd4 Nxe6 16. Kf2 Rd8 17. Qc2 c5 18. dxc5 Bxc5+ 19. Kg2 Bb7 20. Bd2 Bxf3+ 21. Kxf3 Qc6+ 22. Kg4 Qg2 23. Bc3 f5+ 24. Kxf5 Rf8+ 25. Kg4 h5+ 0-1